Symbols – Quick Run! - Statistics

General Stats
  • This quiz has been taken 22 times
  • The average score is 28 of 29
Answers on the Grid
Answers color-coded by a green-red scale on the quiz's grid according to % correct below.
!
@
#
$
%
^
&
*
(
)
_
+
-
=
[
]
{
}
\
:
"
'
<
>
,
.
?
`
~
q
w
e
r
t
y
u
i
o
p
a
s
d
f
g
h
j
k
l
z
x
c
v
b
n
m
 
Answer Stats
Answer % Correct
!
100%
@
100%
^
100%
&
100%
*
100%
(
100%
=
100%
[
100%
\
100%
"
100%
?
100%
`
100%
~
100%
>
100%
#
95%
$
95%
%
95%
)
95%
_
95%
-
95%
]
95%
}
95%
:
95%
'
95%
.
95%
<
95%
+
90%
{
90%
,
90%
No matching quizzes found
Score Distribution
Percent of People with Each Score
Percentile by Number Answered
Your Score History
You have not taken this quiz